| 000 | 00399nam a2200145Ia 4500 | ||
|---|---|---|---|
| 008 | 230411s9999 xx 000 0 und d | ||
| 020 | _a978-93-86261-61-8 | ||
| 041 | _aeng | ||
| 082 | _aOG/610.736 8/JAC/B09007 | ||
| 100 | _aJacob Annamma | ||
| 245 | _aManual of Midwifery and Gynecological Nursing | ||
| 260 |
_bJaypee Brothers _aNew Delhi _c2017 |
||
| 300 | _a667p | ||
| 999 |
_c158367 _d158367 |
||